000 00639nam a2200241Ia 4500
003 OSt
005 20220927105119.0
006 a|||||r|||| 00| 0
007 ta
008 220926b |||||||| |||| 00| 0 eng d
024 _a159536
037 _cReference Collections
040 _aRTL
_cRTL
_beng
041 _2eng
_aeng
082 _a"X71.213.N81, M1"
110 _aKARNATAKA
_9370270
245 0 _aBudget 1981-82
260 _aBangalore
_bGovt. Press
300 _a277p
_ccm.
700 _aKARNATAKA
_9370271
942 _h"X71.213.N81, M1"
_cCC
999 _c690731
_d690731